00506nam a2200181Ia 4500003000400000005001700004008004100021020001500062040000700077041001200084082001900096100001900115245009300134260004800227365001300275650001400288650002200302OSt20250726155652.0210423s2005 xx 000 0 und d a8180691780 cAL aEnglish a307.762b PALB aPalanithurai G aBuilding skill and capacity among gram panchayti presidentban experience from the field aNew DelhibConcept publishing companyc2005 b375cINR aSociology aUrban Communities